[Event "Oberpfalz-ch M3"]
[Site "Bad Koetzting"]
[Date "2018.03.27"]
[Round "7"]
[White "Scheck, Arthur"]
[Black "Voith, Walter"]
[Result "1-0"]
[WhiteElo "1337"]
[BlackElo "1489"]
[PlyCount "83"]
[EventDate "2018.03.24"]
[EventType "swiss"]
[EventRounds "8"]
[EventCountry "GER"]
[SourceTitle "EXT 2020"]
[Source "ChessBase"]
[SourceDate "2019.10.17"]
[SourceVersion "1"]
[SourceVersionDate "2019.10.17"]
[SourceQuality "1"]

1. d4 Nf6 2. c4 e6 3. g3 d5 4. cxd5 exd5 5. Bg5 Nbd7 6. Bg2 c6 7. Nf3 Bb4+ 8. Nc3 Qa5 9. Bd2 Qc7 10. 0-0 0-0 11. a3 Bd6 12. b4 a6 13. Nh4 Nb6 14. Bg5 Ne8 15. e4 f6 16. Bc1 g6 17. Bh6 Rf7 18. exd5 g5 19. Re1 Bd7 20. dxc6 bxc6 21. Nf3 Bg4 22. Qb3 Qd7 23. Nd2 Nc7 24. Nde4 Be6 25. Qd1 Nbd5 26. Qf3 Bg4 27. Qd3 Nxc3 28. Qxc3 Nd5 29. Qc1 Bc7 30. Nc5 Qc8 31. Qc4 Nb6 32. Qb3 Bd6 33. Ne4 Be7 34. Nc5 Nd5 35. Bxd5 cxd5 36. Qxd5 Bxc5 37. dxc5 Raa7 38. Re3 Rad7 39. Qc4 Rd1+ 40. Rxd1 Bxd1 41. Re7 Bh5 42. Qd5 1-0

[Event "Oberpfalz-ch M3"]
[Site "Bad Koetzting"]
[Date "2018.03.25"]
[Round "4"]
[White "Haas, Carl Gustav"]
[Black "Scheck, Arthur"]
[Result "1/2-1/2"]
[WhiteElo "1451"]
[BlackElo "1337"]
[PlyCount "44"]
[EventDate "2018.03.24"]
[EventType "swiss"]
[EventRounds "8"]
[EventCountry "GER"]
[SourceTitle "EXT 2020"]
[Source "ChessBase"]
[SourceDate "2019.10.17"]
[SourceVersion "1"]
[SourceVersionDate "2019.10.17"]
[SourceQuality "1"]

1. c4 g6 2. g3 Bg7 3. Bg2 c6 4. Nc3 Nf6 5. e4 d6 6. d3 Nbd7 7. Nge2 Ne5 8. f4 Ned7 9. Bd2 Qb6 10. Rb1 Ng4 11. Rf1 Nxh2 12. Rf2 Ng4 13. Rf1 Nc5 14. Qc2 Ne6 15. Na4 Qc7 16. Bh3 Nd4 17. Nxd4 Bxd4 18. Bxg4 Bxg4 19. Bc3 Bxc3+ 20. Nxc3 Qb6 21. Qf2 Qxf2+ 22. Kxf2 0-0-0 1/2-1/2

[Event "Oberpfalz-ch M3"]
[Site "Windischeschenbach"]
[Date "2017.04.09"]
[Round "4"]
[White "Scheck, Arthur"]
[Black "Voith, Walter"]
[Result "1-0"]
[WhiteElo "1346"]
[BlackElo "1502"]
[PlyCount "105"]
[EventDate "2017.04.08"]
[EventType "swiss"]
[EventRounds "8"]
[EventCountry "GER"]
[SourceTitle "EXT 2020"]
[Source "ChessBase"]
[SourceDate "2019.10.17"]
[SourceVersion "1"]
[SourceVersionDate "2019.10.17"]
[SourceQuality "1"]

1. e4 d5 2. e5 Bf5 3. d4 e6 4. Nf3 h6 5. Bd3 Bxd3 6. Qxd3 c6 7. 0-0 Ne7 8. Nh4 Qb6 9. c3 Qa6 10. Qg3 Nd7 11. f4 g6 12. Nd2 c5 13. Nb3 Rc8 14. Be3 c4 15. Nd2 b5 16. Rfc1 Qb6 17. b4 Bg7 18. a4 a5 19. Rcb1 bxa4 20. Rxa4 axb4 21. Rbxb4 Qd8 22. h3 Rb8 23. Kh2 Rxb4 24. Rxb4 Qa8 25. Qe1 0-0 26. Qb1 Rb8 27. Rxb8+ Nxb8 28. Qc2 Bf8 29. Qb1 Nbc6 30. Qc1 Qa2 31. Qb1 Qxb1 32. Nxb1 Na5 33. g4 Kh7 34. Bc1 Nec6 35. Kg3 Be7 36. Ng2 Nb3 37. Bb2 Kg7 38. Ne3 Nb8 39. f5 Bg5 40. fxe6 fxe6 41. Nc2 Be7 42. Nb4 Nxd4 43. Nxd5 exd5 44. cxd4 g5 45. Nc3 Bb4 46. Nxd5 Be1+ 47. Kf3 Nc6 48. Ke4 Kg6 49. e6 Nb4 50. Bc3 Nxd5 51. Bxe1 c3 52. Kxd5 c2 53. Bd2 1-0